000
00278nam a22001337a 4500
008
181005b xxu||||| |||| 00| 0 eng d
020
_a
0721623667
041
_a
eng
080
_a
616.085
100
_a
9
101
_a
HIS
245
_a
Histologji
_c
Leeson.l
942
_2
udc
_c
BK
999
_c
48902
_d
48902